Southville International School and Colleges
Your cart is empty.
  • Cart
  • Lists
    Public lists list_1 View all
    Your lists Log in to create your own lists
  • Log in to your account
  • Your cookies
  • Search history
Southville International School and Colleges
  • Advanced search
  • Recent comments
  • Most popular
  • Libraries

Log in to your account

Log in with GOOGLE


If you do not have an external account, but do have a local account, you can still log in:

  1. Home
  2. MARC view: How animals care for their babies :
Normal view MARC view ISBD view

How animals care for their babies : (Record no. 102988)

[ view plain ]
MARC details
000 -LEADER
fixed length control field 00869nam a2200217 a 4500
005 - DATE AND TIME OF LATEST TRANSACTION
control field 20140412111247.0
008 - FIXED-LENGTH DATA ELEMENTS--GENERAL INFORMATION
fixed length control field 010907s19uu xx 00 eng d
020 ## - INTERNATIONAL STANDARD BOOK NUMBER
International Standard Book Number 0-7922-3407-3
050 ## - LIBRARY OF CONGRESS CALL NUMBER
Classification number M 591.56
Item number H57 1987
100 ## - MAIN ENTRY--PERSONAL NAME
Personal name Hirschland, Roger B.
245 ## - TITLE STATEMENT
Title How animals care for their babies :
Remainder of title kids want to know /
Statement of responsibility, etc by Roger B. Hirschland.
260 ## - PUBLICATION, DISTRIBUTION, ETC. (IMPRINT)
Place of publication, distribution, etc Washington, D.C :
Name of publisher, distributor, etc National Geographic Society,
Date of publication, distribution, etc 1989.
300 ## - PHYSICAL DESCRIPTION
Extent 30 p. ; ill.
440 ## - SERIES STATEMENT/ADDED ENTRY--TITLE
Title Books for young explorers
500 ## - GENERAL NOTE
General note Includes bibliographical references
520 ## - SUMMARY, ETC.
Summary, etc Depicts different kinds of parental behavior among a variety of animals, including the trumpeter swan, mountain goat, and baboon.
650 ## - SUBJECT ADDED ENTRY--TOPICAL TERM
Topical term or geographic name as entry element Parental behavior in animals-Juvenile litearture
650 ## - SUBJECT ADDED ENTRY--TOPICAL TERM
Topical term or geographic name as entry element Animals-Infancy-Juvneile literature
650 ## - SUBJECT ADDED ENTRY--TOPICAL TERM
Topical term or geographic name as entry element National Geographic Society (U.S.)
Holdings
Withdrawn status Lost status Damaged status Use restrictions Home library Current library Shelving location Date acquired Source of acquisition Total Checkouts Full call number Barcode Date last seen Price effective from Koha item type
        Elizalde Library Elizalde Library Main Section 09/07/2001     M 591.56 H57 1987 E3523 04/12/2014 04/12/2014 Books

How animals care for their babies :

APA

Hirschland R. B., . (1989). How animals care for their babies. Washington, D.C: National Geographic Society.

Chicago

Hirschland Roger B, . 1989. How animals care for their babies. Washington, D.C: National Geographic Society.

Harvard

Hirschland R. B., . (1989). How animals care for their babies. Washington, D.C: National Geographic Society.

MLA

Hirschland Roger B, . How animals care for their babies. Washington, D.C: National Geographic Society. 1989.

  • Place hold
  • Print
  • Cite
  • Add to your cart (remove)
  • Save record
    BIBTEX Dublin Core MARCXML MARC (non-Unicode/MARC-8) MARC (Unicode/UTF-8) MARC (Unicode/UTF-8, Standard) MODS (XML) RIS
  • More searches
    Search for this title in:
    Other Libraries (WorldCat) Other Databases (Google Scholar) Online Stores (Bookfinder.com) Open Library (openlibrary.org)

Exporting to Dublin Core...

SOUTHVILLE LIBRARY

Southville International School and Colleges Library

1281 Tropical Ave. Cor. Luxembourg St., BF Homes International, Las Pinas City

Tel. No. 8256374 / 252358 Loc. 117/146

Powered by Koha